01604nab a22002777a 4500999001500000003000400015005001700019008004100036040000700077100003200084245008200116260007300198300001400271500002600285505056500311505008200876650002300958650003300981650003501014650002401049650002301073650002401096650003601120773015701156942001301313 c5272d5272OSt20250211125449.0190429b xxu||||| |||| 00| 0 spa d cPJ aFavarotto, Ricardo S.9480813aEl derecho a oponerse a colaborar con la acusación /cRicardo S. Favarotto. cCiudad Autónoma de Buenos Aires :aThomson Reuters La Ley, b2025. ap. 93-125 aCita: AR/DOC/65/2025. aSumario: I. Aproximación.— II. Expresiones normativas del nemo tenetur se ipsum accusare.— III. Nadie deberá ser coaccionado a declarar contra sí...— IV. Las divergencias respecto de la amplitud del derecho.— V. Proyecciones sobre el derecho a la intimidad.— VI. Otras derivaciones del principio.— VII. El imputado, ¿sujeto activo o pasivo de prueba?— VIII. El principio de incoercibilidad frente a las inspecciones e intervenciones corporales del imputado.— IX. Jurisprudencia continental sobre la materia.— X. Extracto conclusivo.  tSi te interesa el texto completo, solicitalo a koha@justierradelfuego.gov.ar  09343aDERECHO PENAL 092724aDERECHO A LA INTIMIDAD 092718aSITUACIÓN DEL IMPUTADO 09180aDEBIDO PROCESO 092478aCODIGO PENAL 092348aPROCESO PENAL 092781aDECLARACIÓN INDAGATORIA0 0265893164tRevista de derecho penal y criminología. Nº 1 - Febrero 2025dCiudad Autónoma de Buenos Aires : Thomson Reuters La Ley, 2017-x00347914 2udccANA